000 00768nam a2200181 i 4500
001 38769
003 ES-MaACL
005 20251010165734.0
007 t|
008 030226s1896 sp ||||1| spa d
100 1 _aCámara y Castro, Tomás,
_d1847-1904
_933998
245 1 0 _aOración pronunciada por Tomás Cámara y Castro en la inhumación de los restos del Gran Duque de Alba en su sepulcro del Convento de San Esteban, de aquella ciudad el día 8 de Junio de 1895.
260 _aMadrid :
_b[s.n.],
_c1896 (
_fEstab. Tip. "Sucesores de Rivadeneyra")
300 _a25 p., [1] h. de lám. ;
_c22 cm.
600 1 7 _aAlba, Fernando Álvarez de Toledo,
_cDuque de,
_d1507-1582-
_xExequias
_2
_9163814
852 _aES-MaACL
_jT-792-F-2
999 _c38769
_d38769